Технический анализ финансовых рынков: полный справочник по методам и практике трейдинга: пер. с англ.

Podrobná bibliografie
Hlavní autor: Мерфи Д. Дж. Джон
Shrnutí:Джон Дж. Мерфи — финансовый аналитик, трейдер и инвестор, профессионал технического анализа с более чем 40-летним стажем. Работал директором технического анализа в Merrill Lynch, затем стал независимым консультантом, основав и возглавив в 1996 году MERPHYMORRIS, Inc. и занявшись онлайновыми консультациями по инвестициям. Мерфи одним из первых понял, какие широкие возможности открывает для трейдинга Интернет, и всегда считал, что трейдер должен знать и учитывать глобальные тенденции рынка. Мерфи — автор ряда финансовых бестселлеров: Технический анализ фьючерсных рынков (1986), Межрыночный технический анализ (1991, переиздана в 2004 году под названием Межрыночный технический анализ. Получение прибыли от глобализации рынков), Визуальный инвестор. Как определять тренды (1996), Технический анализ финансовых рынков (1999). В настоящий момент Джон Мерфи поддерживает сайт StockCarts.com <http://StockCarts.com> для трейдеров и инвесторов. В течение семи лет он был техническим аналитиком на CNBC-TV, часто выступает на Bloomberg TV, CNN Moneyline, Nightly Business Report. В 1992 году Джон Мерфи получил специальный приз Международной федерации технических аналитиков, в 2002 году награжден ежегодной премией Ассоциации технических аналитиков.
Jazyk:ruština
Vydáno: Москва, Вильямс, 2012
Témata:
Médium: Kniha
KOHA link:https://koha.lib.tpu.ru/cgi-bin/koha/opac-detail.pl?biblionumber=211872

MARC

LEADER 00000nam0a2200000 4500
001 211872
005 20231101225719.0
010 |a 9785845917416 
035 |a (RuTPU)RU\TPU\book\231475 
090 |a 211872 
100 |a 20120321d2012 km y0rusy50 ca 
101 1 |a rus  |c eng 
102 |a RU 
105 |a a g 001zy 
200 1 |a Технический анализ финансовых рынков: полный справочник по методам и практике трейдинга  |e пер. с англ.  |f Д. Дж. Мерфи 
210 |a Москва  |c Вильямс  |d 2012 
215 |a 489 с.  |c ил. 
320 |a Библиогр.: с. 481-482. 
320 |a Предметный указатель: с. 485-489. 
330 |a Джон Дж. Мерфи — финансовый аналитик, трейдер и инвестор, профессионал технического анализа с более чем 40-летним стажем. Работал директором технического анализа в Merrill Lynch, затем стал независимым консультантом, основав и возглавив в 1996 году MERPHYMORRIS, Inc. и занявшись онлайновыми консультациями по инвестициям. Мерфи одним из первых понял, какие широкие возможности открывает для трейдинга Интернет, и всегда считал, что трейдер должен знать и учитывать глобальные тенденции рынка. Мерфи — автор ряда финансовых бестселлеров: Технический анализ фьючерсных рынков (1986), Межрыночный технический анализ (1991, переиздана в 2004 году под названием Межрыночный технический анализ. Получение прибыли от глобализации рынков), Визуальный инвестор. Как определять тренды (1996), Технический анализ финансовых рынков (1999). В настоящий момент Джон Мерфи поддерживает сайт StockCarts.com <http://StockCarts.com> для трейдеров и инвесторов. В течение семи лет он был техническим аналитиком на CNBC-TV, часто выступает на Bloomberg TV, CNN Moneyline, Nightly Business Report. В 1992 году Джон Мерфи получил специальный приз Международной федерации технических аналитиков, в 2002 году награжден ежегодной премией Ассоциации технических аналитиков. 
606 1 |a Финансовые рынки  |x Технический анализ  |2 stltpush  |3 (RuTPU)RU\TPU\subj\71727  |9 85510 
610 1 |a финансы 
610 1 |a трейдинг 
610 1 |a трейды 
610 1 |a технический анализ 
610 1 |a теория Доу 
610 1 |a графики 
610 1 |a осцилляторы 
610 1 |a временные циклы 
610 1 |a фондовый рынок 
610 1 |a индикаторы 
610 1 |a фьючерсные рынки 
610 1 |a торговые системы 
686 |a У826.21я2  |v LBC/SL-A  |2 rubbk 
700 1 |a Мерфи  |b Д. Дж.  |g Джон 
801 1 |a RU  |b 63413507  |c 20120321 
801 2 |a RU  |b 63413507  |c 20150619  |g RCR 
942 |c BK 
959 |a 44/20120321  |d 2  |e 705,00  |f ЧЗГЛ:1  |f АНЛ:1